01776nam a2200457 i 450000100060000000300080000600500170001400600190003100700150005000800410006502000270010602000180013303500230015103500240017403500250019803500210022304000310024405000230027508000080029808200140030624501230032026400540044330000410049733600310053833700330056933800430060249000250064550000220067058801250069259001640081765000550098165000170103665000620105365000190111565500270113470000330116179700190119483000260121385600620123999900170130182792FlNmELB20241217151947.0m o d | cr cnu||||||||150326s2008 mx o 001 0 spa d a9781449275402 (e-book) z9789708191180 a(MiAaPQ)EBC3228276 a(Au-PeEL)EBL3228276 a(CaPaEBR)ebr11028875 a(OCoLC)992036113 aFINmELBbspaerdacFINmELB 4aJZ6045b.N384 2008 a3270 a327.222300aNegociación efectiva :buna apuesta interdisciplinaria ante un mundo interdependiente /cMarta Ochman, coordinadora. 1aMéxico, D.F. :bMiguel Ángel Porrúa,c2008. a1 recurso en línea (221 páginas) atextobtxt2rdacontent/spa acomputadorabc2rdamedia/spa arecurso en líneabcr2rdacarrier/spa1 aConocer para decidir aIncluye índice. aDescripción basada en recurso en línea; Título de la página del título en PDF (e-libro, visto March 26, 2015). aRecurso electrónico. Santa Fe, Arg.: e-libro, 2015. Disponible vía World Wide Web. El acceso puede estar limitado para las bibliotecas afiliadas a e-libro. 0aDiplomatic negotiations in international disputes. 0aNegotiation. 4aNegociaciones diplomáticas en disputas internacionales. 4aNegociación. 4aLibros electrónicos.1 aOchman, Marta,ecoordinador.2 ae-libro, Corp. 0aConocer para decidir.40uhttps://elibro.net/ereader/politecnicointernacional/76106 c82792d82792